[Event "KUW-ch"]
[Site "Kuwait"]
[Date "2019.01.22"]
[Round "5"]
[White "Maqseed, Nasser"]
[Black "Alothman, Abdul Wahab"]
[Result "0-1"]
[WhiteElo "1847"]
[BlackElo "1936"]
[PlyCount "88"]
[EventDate "2019.01.17"]
[EventType "tourn"]
[EventRounds "9"]
[EventCountry "KUW"]
[SourceTitle "CBM 188 Extra"]
[Source "ChessBase"]
[SourceDate "2019.02.26"]
[SourceVersion "1"]
[SourceVersionDate "2019.02.26"]
[SourceQuality "1"]

1. d4 d5 2. c4 c6 3. e3 Bf5 4. Nc3 Nf6 5. Nf3 e6 6. Bd3 Bxd3 7. Qxd3 Bb4 8. Bd2 Nbd7 9. 0-0 a5 10. b3 0-0 11. a3 Bxc3 12. Bxc3 Qc7 13. Rfd1 b5 14. Ne5 Ne4 15. Bb2 bxc4 16. bxc4 Rfb8 17. Rab1 Nxe5 18. dxe5 Nc5 19. Qc2 Na6 20. Ba1 Qe7 21. cxd5 cxd5 22. Qc6 Nc5 23. Rxb8+ Rxb8 24. Rc1 Nb3 25. Qc8+ Qf8 26. Qxf8+ Kxf8 27. Rb1 Rc8 28. Bb2 Rc2 29. a4 Ke8 30. Ba3 Ra2 31. Bd6 Rxa4 32. g3 Ra1 33. Rxa1 Nxa1 34. Kf1 Kd7 35. Ke2 Kc6 36. Kd3 Nb3 37. Kc3 Nc5 38. f3 Nd7 39. g4 Nb6 40. Ba3 Nc4 41. Bc1 Nxe5 42. e4 dxe4 43. fxe4 Nxg4 44. h3 Nf2 0-1

[Event "KUW-ch"]
[Site "Kuwait"]
[Date "2017.08.10"]
[Round "7"]
[White "Alothman, Abdul Wahab"]
[Black "Maqseed, Nasser"]
[Result "0-1"]
[WhiteElo "2047"]
[BlackElo "1894"]
[PlyCount "70"]
[EventDate "2017.08.02"]
[EventType "tourn"]
[EventRounds "7"]
[EventCountry "KUW"]
[SourceTitle "CBM 180 Extra"]
[Source "ChessBase"]
[SourceDate "2017.10.06"]
[SourceVersion "1"]
[SourceVersionDate "2017.10.06"]
[SourceQuality "1"]

1. d4 d5 2. Nf3 Nf6 3. c4 c6 4. Nc3 g6 5. e3 Bg7 6. Bd3 0-0 7. 0-0 Bg4 8. h3 Bxf3 9. Qxf3 e6 10. Rd1 Nbd7 11. e4 e5 12. dxe5 Nxe5 13. Qe2 d4 14. Bc2 Nfd7 15. Na4 Qa5 16. Bd2 d3 17. Qf1 Qa6 18. Bb3 Nxc4 19. Qxd3 Nde5 20. Qe2 Nxd2 21. Qxa6 Ndf3+ 22. gxf3 bxa6 23. Kg2 Rfd8 24. Nc5 g5 25. f4 gxf4 26. Rxd8+ Rxd8 27. Rd1 Rxd1 28. Bxd1 Bf8 29. Nxa6 Bd6 30. Be2 c5 31. b3 Kf8 32. Bb5 Ke7 33. Kf1 Nf3 34. Bc6 h5 35. Ke2 Nd4+ 0-1

[Event "KUW-ch"]
[Site "Kuwait"]
[Date "2017.03.03"]
[Round "2"]
[White "Hussain, Hashem"]
[Black "Maqseed, Nasser"]
[Result "0-1"]
[WhiteElo "1725"]
[BlackElo "1941"]
[PlyCount "100"]
[EventDate "2017.03.02"]
[EventType "tourn"]
[EventRounds "9"]
[EventCountry "KUW"]
[SourceTitle "EXT 2018"]
[Source "ChessBase"]
[SourceDate "2017.10.13"]
[SourceVersion "1"]
[SourceVersionDate "2017.10.13"]
[SourceQuality "1"]

1. b3 d6 2. Bb2 Nf6 3. e3 g6 4. f4 Bg7 5. Nf3 0-0 6. Nc3 Nc6 7. Be2 e5 8. fxe5 Nxe5 9. 0-0 c6 10. Kh1 h5 11. Nxe5 dxe5 12. d3 Ng4 13. Bxg4 Bxg4 14. Qe1 Re8 15. e4 Bf6 16. Qf2 Kg7 17. Nd1 Be6 18. Ne3 Qe7 19. Nc4 Bxc4 20. bxc4 c5 21. a4 Bg5 22. Ba3 b6 23. a5 Rf8 24. axb6 axb6 25. Bb2 f6 26. Qe2 Qb7 27. Rfb1 Rxa1 28. Rxa1 Ra8 29. Qe1 Ra6 30. Rxa6 Qxa6 31. Qa1 Qxa1+ 32. Bxa1 Be3 33. Bb2 Bd4 34. Bc1 f5 35. exf5 gxf5 36. g3 Bc3 37. Kg2 Kf6 38. Kf3 Kg6 39. Be3 Be1 40. Ke2 Bc3 41. Kf3 h4 42. g4 f4 43. Bf2 h3 44. Bh4 Bd4 45. Bf2 Kg5 46. Be1 Bg1 47. Bd2 Bxh2 48. c3 Bg1 49. Be1 h2 50. Kg2 f3+ 0-1

[Event "Olympiad-42"]
[Site "Baku"]
[Date "2016.09.12"]
[Round "10.1"]
[White "Maqseed, Nasser"]
[Black "Wong, Brian"]
[Result "0-1"]
[WhiteElo "2000"]
[BlackElo "2007"]
[PlyCount "90"]
[EventDate "2016.09.02"]
[EventType "team-swiss"]
[EventRounds "11"]
[EventCountry "AZE"]
[SourceTitle "CBM 175"]
[Source "ChessBase"]
[SourceDate "2016.11.10"]
[SourceVersion "1"]
[SourceVersionDate "2016.11.10"]
[SourceQuality "1"]
[WhiteTeam "Kuwait"]
[BlackTeam "Hong Kong"]
[WhiteTeamCountry "KUW"]
[BlackTeamCountry "HKG"]

1. Nf3 d5 2. d4 Nf6 3. c4 c6 4. e3 Bf5 5. Nc3 e6 6. Bd3 Bxd3 7. Qxd3 Nbd7 8. 0-0 Bd6 9. e4 dxe4 10. Nxe4 Nxe4 11. Qxe4 Nf6 12. Qc2 Qc7 13. Bd2 h6 14. b4 0-0 15. Rfe1 Rfd8 16. Ne5 Nd7 17. Bc3 c5 18. bxc5 Bxe5 19. dxe5 Qxc5 20. Re4 Rac8 21. Rb1 Nb6 22. Bb4 Qb5 23. Be7 Rd2 24. Qc1 Qd7 25. Bd6 Rxa2 26. c5 Nd5 27. Rg4 Kh7 28. Qc4 Ra5 29. Qe4+ g6 30. h4 Nc3 31. Qxb7 Qxb7 32. Rxb7 Kg7 33. Rc4 Ra1+ 34. Kh2 Nd1 35. Rf4 g5 36. Rfxf7+ Kg6 37. Rf6+ Kh5 38. hxg5 Rg8 39. Rh7 Kxg5 40. Rfxh6 Nxf2 41. Rh5+ Kf4 42. Rf7+ Ke3 43. g3 Ra2 44. Rxf2 Kxf2 45. Rh4 Kf3+ 0-1

[Event "Olympiad-42"]
[Site "Baku"]
[Date "2016.09.10"]
[Round "8.2"]
[White "Ahmad, Al Khatib"]
[Black "Maqseed, Nasser"]
[Result "1-0"]
[WhiteElo "2253"]
[BlackElo "2000"]
[PlyCount "63"]
[EventDate "2016.09.02"]
[EventType "team-swiss"]
[EventRounds "11"]
[EventCountry "AZE"]
[SourceTitle "CBM 175"]
[Source "ChessBase"]
[SourceDate "2016.11.10"]
[SourceVersion "1"]
[SourceVersionDate "2016.11.10"]
[SourceQuality "1"]
[WhiteTeam "Jordan"]
[BlackTeam "Kuwait"]
[WhiteTeamCountry "JOR"]
[BlackTeamCountry "KUW"]

1. Nf3 c5 2. g3 g6 3. Bg2 Bg7 4. 0-0 Nc6 5. d3 Nf6 6. e4 d6 7. c3 0-0 8. Re1 Rb8 9. d4 cxd4 10. cxd4 Qa5 11. d5 Nb4 12. a3 Na6 13. b4 Qc7 14. Bb2 Bg4 15. Nbd2 Rfc8 16. Rc1 Qd7 17. Qb3 Rxc1 18. Rxc1 Rc8 19. Rxc8+ Qxc8 20. e5 Ne8 21. Bf1 Nb8 22. exd6 Bxb2 23. Qxb2 Nxd6 24. Qd4 a6 25. Ne5 Bh3 26. Bxh3 Qxh3 27. Ndc4 Nxc4 28. Qxc4 Qf5 29. Qc7 f6 30. Qd8+ Kg7 31. Qxe7+ Kh6 32. Qf8+ 1-0

[Event "KUW-ch"]
[Site "Kuwait"]
[Date "2015.12.08"]
[Round "6"]
[White "Al Hajiri, Bader"]
[Black "Maqseed, Nasser"]
[Result "1/2-1/2"]
[WhiteElo "2183"]
[BlackElo "1936"]
[PlyCount "84"]
[EventDate "2015.12.02"]
[EventType "tourn"]
[EventRounds "11"]
[EventCountry "KUW"]
[SourceTitle "CBM 169 Extra"]
[Source "ChessBase"]
[SourceDate "2015.12.18"]
[SourceVersion "1"]
[SourceVersionDate "2015.12.18"]
[SourceQuality "1"]

1. e4 c5 2. Nf3 Nc6 3. d4 cxd4 4. Nxd4 g6 5. Nc3 Bg7 6. Be3 Nf6 7. f3 0-0 8. Qd2 d5 9. 0-0-0 dxe4 10. Nxc6 Qxd2+ 11. Rxd2 bxc6 12. fxe4 Ng4 13. Nd1 Nxe3 14. Nxe3 Bh6 15. Rd3 Be6 16. Be2 Bc4 17. Kd2 Bxd3 18. Bxd3 Rab8 19. b3 Rfd8 20. Ke2 Bxe3 21. Kxe3 e5 22. g4 h6 23. h4 Rd6 24. a4 Kg7 25. a5 g5 26. h5 Rbd8 27. a6 Rf6 28. Ra1 Rfd6 29. Ra5 Kf6 30. Rc5 Rb8 31. Ra5 Rb6 32. Ra1 Ke7 33. Ra5 f6 34. Ra1 Rd4 35. Ra5 Kd7 36. Ra3 Kc7 37. c3 Rd8 38. b4 Kd6 39. Ra5 Rc8 40. Rc5 Rc7 41. Kd2 Rd7 42. Ke3 Ke7 1/2-1/2

[Event "KUW-ch"]
[Site "Kuwait"]
[Date "2015.12.04"]
[Round "3"]
[White "Maqseed, Nasser"]
[Black "Al Duwish, Ahmed"]
[Result "1-0"]
[WhiteElo "1936"]
[BlackElo "1776"]
[PlyCount "45"]
[EventDate "2015.12.02"]
[EventType "tourn"]
[EventRounds "11"]
[EventCountry "KUW"]
[SourceTitle "CBM 169 Extra"]
[Source "ChessBase"]
[SourceDate "2015.12.18"]
[SourceVersion "1"]
[SourceVersionDate "2015.12.18"]
[SourceQuality "1"]

1. Nf3 Nf6 2. d4 e6 3. Bf4 c5 4. e3 Nc6 5. h3 Qb6 6. Nbd2 cxd4 7. exd4 Nxd4 8. Nc4 Nxf3+ 9. Qxf3 Qc6 10. Qxc6 dxc6 11. Nd6+ Bxd6 12. Bxd6 Ne4 13. Ba3 e5 14. Bd3 Bf5 15. 0-0 Bg6 16. Rfe1 f5 17. f3 Ng3 18. Rxe5+ Kd8 19. Rd1 Kc7 20. Re7+ Kb6 21. Bd6 f4 22. Bc7+ Kc5 23. Re5+ 1-0

[Event "KUW-ch"]
[Site "Kuwait"]
[Date "2015.01.27"]
[Round "2"]
[White "Maqseed, Nasser"]
[Black "Hussain, Hashem"]
[Result "1-0"]
[WhiteElo "1981"]
[BlackElo "1724"]
[PlyCount "109"]
[EventDate "2015.01.26"]
[EventType "swiss"]
[EventRounds "9"]
[EventCountry "KUW"]
[SourceTitle "CBM 164 Extra"]
[Source "ChessBase"]
[SourceDate "2015.03.02"]
[SourceVersion "1"]
[SourceVersionDate "2015.03.02"]
[SourceQuality "1"]

1. Nf3 Nf6 2. g3 g6 3. Bg2 Bg7 4. d3 d5 5. Nbd2 0-0 6. 0-0 c6 7. e4 dxe4 8. dxe4 Nbd7 9. Qe2 e5 10. Rd1 Qc7 11. b3 Nb6 12. Bb2 Bg4 13. h3 Bxf3 14. Nxf3 Nh5 15. a4 Nd7 16. Ba3 Rfe8 17. h4 Rad8 18. Bd6 Qc8 19. Bh3 Bf8 20. Bxe5 Bg7 21. Bxg7 Kxg7 22. Qc4 Qc7 23. Qc3+ Kg8 24. e5 Nxe5 25. Nxe5 Rxd1+ 26. Rxd1 Qxe5 27. Qxe5 Rxe5 28. Rd8+ Kg7 29. Rd7 a5 30. Rxb7 Nf6 31. Rc7 Re1+ 32. Kg2 Ne4 33. Rxc6 Re2 34. Kf3 Re1 35. Rc7 Kf6 36. c4 Nd2+ 37. Kg2 Nxb3 38. c5 Rc1 39. c6 Nd4 40. Bd7 Ke5 41. Ra7 Nxc6 42. Bxc6 Rxc6 43. Rxa5+ Kd6 44. Ra7 Ke6 45. a5 f5 46. Rxh7 Ra6 47. Rh6 Kf7 48. h5 Rxa5 49. Rxg6 Ra4 50. Kf3 Rc4 51. Rd6 Rc5 52. Kf4 Kg7 53. Re6 Kh7 54. Re5 Rc2 55. f3 1-0